000
00205 a2200097 4500
001
15419
100
_a
Owen, R
245
_a
the desert air force
260
_a
London
_b
Hutchinson
_c
090
_c
12044
_d
12044
942
_a
NUST-CAE
_c
M
_c
2275
999
_c
250492
_d
250492